Burlington County (NJ) High School Mascots - Statistics

General Stats
  • This quiz has been taken 7 times
  • The average score is 10 of 20
Answer Stats
Hint Answer % Correct
Delran Bears
80%
Burlington City Blue Devils
80%
Cherokee Chiefs
80%
Northern Burlington Greyhounds
80%
Lenape Indians
80%
Moorestown Quakers
80%
Willingboro Chimeras
60%
Burlington Township Falcons
60%
Cinnaminson Pirates
60%
Shawnee Renegades
60%
Palmyra Panthers
40%
Riverside Rams
40%
Rancocas Valley Red Devils
40%
Bordentown Regional Scotties
40%
Maple Shade Wildcats
40%
Florence Township Flashes
20%
Seneca Golden Eagles
20%
Pemberton Hornets
20%
Medford Tech Jaguars
20%
Westampton Tech Jaguars
20%
No matching quizzes found
Score Distribution
Percent of People with Each Score
Percentile by Number Answered
Your Score History
You have not taken this quiz